Titulación de tierras y la pequeña propiedad rural /
Guardat en:
| Autor principal: | |
|---|---|
| Format: | Text |
| Matèries: | |
| Etiquetes: |
Afegir etiqueta
Sense etiquetes, Sigues el primer a etiquetar aquest registre!
|
MARC
| LEADER | 00000 a a2200000 04500 | ||
|---|---|---|---|
| 001 | 14326 | ||
| 003 | |||
| 040 | |||
| 100 | |a Suazo, Javier | ||
| 245 | |a Titulación de tierras y la pequeña propiedad rural / |c Javier Suazo | ||
| 650 | |a PROPIEDAD DE LA TIERRA | ||
| 650 | |a DESARROLLO RURAL | ||
| 650 | |a REFORMA AGRARIA | ||
| 650 | |a MINIFUNDIO | ||
| 650 | |a USO DEL SUELO | ||
| 650 | |a USO DEL SUELO | ||
| 650 | |a PROPIEDAD DE LA TIERRA | ||
| 773 | |g volumen 7, número 59 -60; páginas 173-187 | ||
| 999 | |c 27801 |d 27801 | ||
